Aquinas's ethics : (Record no. 118045)
[ view plain ]
| 000 -LEADER | |
|---|---|
| fixed length control field | 01218cam a2200325 a 4500 |
| 001 - CONTROL NUMBER | |
| control field | 15628791 |
| 003 - CONTROL NUMBER IDENTIFIER | |
| control field | ARRUPE |
| 005 - DATE AND TIME OF LATEST TRANSACTION | |
| control field | 20130925144238.0 |
| 008 - FIXED-LENGTH DATA ELEMENTS--GENERAL INFORMATION | |
| fixed length control field | 090218s2009 inu b 001 0 eng |
| 010 ## - LIBRARY OF CONGRESS CONTROL NUMBER | |
| LC control number | 2009006989 |
| 015 ## - NATIONAL BIBLIOGRAPHY NUMBER | |
| National bibliography number | GBA940321 |
| Source | bnb |
| 016 7# - NATIONAL BIBLIOGRAPHIC AGENCY CONTROL NUMBER | |
| Record control number | 015117825 |
| Source | Uk |
| 020 ## - INTERNATIONAL STANDARD BOOK NUMBER | |
| International Standard Book Number | 9780268026011 (pbk. : alk. paper) |
| 020 ## - INTERNATIONAL STANDARD BOOK NUMBER | |
| International Standard Book Number | 0268026017 (pbk. : alk. paper) |
| 035 ## - SYSTEM CONTROL NUMBER | |
| System control number | (OCoLC)ocn290438102 |
| 040 ## - CATALOGING SOURCE | |
| Original cataloging agency | DLC |
| Transcribing agency | DLC |
| Modifying agency | BTCTA |
| -- | YDXCP |
| -- | UKM |
| -- | C#P |
| -- | BWX |
| -- | CDX |
| -- | DLC |
| 050 00 - LIBRARY OF CONGRESS CALL NUMBER | |
| Classification number | B765.T54 |
| Item number | D475 2009 |
| 300 ## - PHYSICAL DESCRIPTION | |
| Dimensions | 23 cm. |
| 100 1# - MAIN ENTRY--PERSONAL NAME | |
| Personal name | DeYoung, Rebecca Konyndyk. |
| 9 (RLIN) | 1263 |
| 245 10 - TITLE STATEMENT | |
| Title | Aquinas's ethics : |
| Remainder of title | metaphysical foundations, moral theory, and theological context / |
| Statement of responsibility, etc | Rebecca Konyndyk DeYoung, Colleen McCluskey, and Christina Van Dyke. |
| 260 ## - PUBLICATION, DISTRIBUTION, ETC. (IMPRINT) | |
| Place of publication, distribution, etc | Notre Dame, Ind. : |
| Name of publisher, distributor, etc | University of Notre Dame Press, |
| Date of publication, distribution, etc | c2009. |
| 300 ## - PHYSICAL DESCRIPTION | |
| Extent | xvi, 242 p. ; |
| 504 ## - BIBLIOGRAPHY, ETC. NOTE | |
| Bibliography, etc | Includes bibliographical references (p. 190-236) and index. |
| 600 00 - SUBJECT ADDED ENTRY--PERSONAL NAME | |
| Personal name | Thomas, |
| Titles and other words associated with a name | Aquinas, Saint, |
| Dates associated with a name | 1225?-1274. |
| 9 (RLIN) | 1264 |
| 650 #0 - SUBJECT ADDED ENTRY--TOPICAL TERM | |
| Topical term or geographic name as entry element | Ethics, Medieval. |
| 9 (RLIN) | 1265 |
| 700 1# - ADDED ENTRY--PERSONAL NAME | |
| Personal name | McCluskey, Colleen, |
| Dates associated with a name | 1957- |
| 9 (RLIN) | 1266 |
| 700 1# - ADDED ENTRY--PERSONAL NAME | |
| Personal name | Dyke, Christina van, |
| Dates associated with a name | 1972- |
| 9 (RLIN) | 1267 |
| 906 ## - LOCAL DATA ELEMENT F, LDF (RLIN) | |
| a | 7 |
| b | cbc |
| c | orignew |
| d | 1 |
| e | ecip |
| f | 20 |
| g | y-gencatlg |
| 942 ## - ADDED ENTRY ELEMENTS (KOHA) | |
| Source of classification or shelving scheme | Library of Congress Classification |
| Koha item type | Monograph ( Printed materials) |
| Withdrawn status | Lost status | Source of classification or shelving scheme | Damaged status | Not for loan | Home library | Current library | Shelving location | Date acquired | Total Checkouts | Full call number | Barcode | Date last seen | Date checked out | Price effective from | Koha item type |
|---|---|---|---|---|---|---|---|---|---|---|---|---|---|---|---|
| Library of Congress Classification | ARRUPE LIBRARY | ARRUPE LIBRARY | Main Collection | 25/09/2013 | 4 | B765.T54 D475 2009 | 46409780 | 02/05/2019 | 05/02/2019 | 25/09/2013 | Monograph ( Printed materials) |